Použitie priemerného zárobku na pracovnoprávne účely

Bibliographic Details
Main Author: Strýčková, Jolana (Author)
Format: Article
Language:Slovak
PhysicalDescription:Tab.
ISSN:1335-1508
Subjects:

MARC

LEADER 00000nab a2200000 a 4500
001 vtls000886080
003 SK-MaSNL
005 20260304121313.0
008 250429c2004 xo 0 slo
015 |a SNBRB2004/09-28176 
035 |a CLN000237518 
035 |a (urnnbn)urn:nbn:sk:snk:ar-a07zwq 
035 |a (uuid)c337b4dc-1195-4bea-b053-f21cd14892b4 
035 |a urn:nbn:sk:snk-ab8cc3 
040 |a SNKBUCL  |b slo  |c SNKBUCL  |e AACR2 
041 0 |a slo 
044 |a xo  |c SK 
080 |a 331.215  |2 1997 
100 1 |a Strýčková, Jolana  |4 aut  |9 600439 
245 1 0 |a Použitie priemerného zárobku na pracovnoprávne účely  |c Jolana Strýčková 
300 |b Tab. 
650 0 7 |a zárobok priemerný  |2 snkbucl  |9 849159 
655 7 |a články z novín a časopisov  |2 snkbucl  |9 267496 
773 0 |t Personálny a mzdový poradca podnikateľa  |g Č. 11-12 (2004), s. 104-123  |x 1335-1508 
850 |a Slovenská národná knižnica 
852 |a Slovenská národná knižnica 
954 |a odborná, vedecká literatúra pôvodná (slovenská)  |2 lita 
958 |a article9 
958 |a OND 
958 |a EUIPO 
999 |c 2884369  |d 2886299